00651nam a22002297a 4500003000200000005001700002008000200019010001300021020001000034035002300044037001600067040001500083082001700098100002100115245004700136260005300183270005000236300002300286500005200309650002800361650003200389020180725100216.00 aB-158751 c00.00 aB-158751, B-158757 bCen Lib/Ret aDPLbENc0 a370.113bRAS aRashtriya, Tarun aVocational education /cby Tarun Rashtriya aNew DelhibA. P. H. Publishing Corporationc2005 bNew Delhia5, Ansari Road, Darya Ganje110002 axi,422p.c22cm(Hb) aIncludes bibliographical references and index  aVcationalization--India aVocational education--India